| 000 | 00344nam a2200145Ia 4500 | ||
|---|---|---|---|
| 008 | 230917s9999||||xx |||||||||||||| ||und|| | ||
| 040 |
_e131479 _aMAIN |
||
| 041 | _aEnglish | ||
| 082 | _a658 D131N | ||
| 100 | _aDaft, Richard L. | ||
| 245 | 0 | _aNew era of management | |
| 260 |
_aAustralia _bThomson _c2007 |
||
| 300 | _a847p p. | ||
| 942 | _cBK | ||
| 999 |
_c139199 _d139199 |
||